00588nam a2200193Ia 4500008004100000050001700041050001500058100003000073245008000103245003000183260003100213260001000244260001000254300001500264300002000279300001100299500005600310521002800366170504s9999 xx 000 0 und d aHF 5415.335  b.P792 2016 aPon-an, Maria Arabelle B. aCustomer perception of quality of service of selected rubber shoes stores / cMaria Arabelle B. Pon-an. aLas Piñas, Philippines : bSISC, c2016. a73 pages : billustrations ; c28 cm. aIncludes bibliographical references and appendices. aBusiness Administration